MDQL
is popping MORE tags! Check the
thread
!
Quizzes
Events
Quiz Creation
Community
Videos
Private Events
Remove Ads
Sign In
Join for FREE
Feedback
Dark Mode
Quiz Categories
Sports
Geography
Music
Movies
Television
Just For Fun
Miscellaneous
History
Literature
Language
Science
Gaming
Entertainment
Religion
Holiday
For Kids
Quiz Lab
Recent
Popular Today
Quiz Kudos Today
Editor Picks
Curator Picks
Quizzes by...
Day
Popularity
Type
Ratings
Length
Year
Community
Subscriptions
Recent Discussions
Orange Saloon
Badges
Playlists
Quests
Create
Leaderboards
Showdown
Live 5
Trivia Bingo
Activity
Puzzle Library
Sporcle Events
Private Events
Virtual Trivia
Globe League
Become a Host
Pub Owners
SporcleCon
Opinionation
Our Games
Videos
Blog
Mobile Apps
Partnerships
Remove Ads and Go Orange
Feedback
Movies
Disney
Marvel Cinematic Universe
Movie Resume
Movie Titles
Oscar
Actor
Actress
Director
Pixar
Role
Movie Quotes
Movie Characters
Box Office
Nominee
Best Picture
Star Wars
James Bond
Horror Movies
Movies
Disney
Marvel Cinematic Universe
Movie Resume
Movie Titles
Oscar
Actor
Actress
Director
Pixar
Role
Movie Quotes
Movie Characters
Box Office
Nominee
Best Picture
Star Wars
James Bond
Horror Movies
Random Quiz
Search Sporcle
×
Quiz Lab
Quiz Lab
Movies
Quote
Type in answers that appear in a list
Type in answers that appear in a list
Classic
Best Score? Go Orange.
Boondock Saints lines Stats
Can you name the Boondock Saints prayer?
By
theirishmafia
10m
27 Questions
836 Plays
836 Plays
836 Plays
Comments
Comments
Give Quiz Kudos
Give Quiz Kudos
-
- Ratings
hide this ad
Replay
Link that replays current quiz
Next Quiz
Link to next quiz in quiz playlist
You Got
0%
They Got
Avg Score
41%
Avg Friend Score
Upgrade to see
Score Distribution
Jump to the score distribution portion of the page
Score
0/27
Timer
10:00
0
Plays Today
Quote Beginning
Quote Ending
% Correct
'We're sorta like 7-
Eleven. We're not always doing business...'
but we're always open.
87.8%
'Why dont you make like a tree...'
And get the f*ck out of here
82.9%
'So the genie says to the white guy, uh, um, 'What's your one wish?-
and he says...'
I'll have a coke
73.2%
'And shepherds we shall be...'
for thee my Lord for thee
59.1%
'as long as they used a stick no wider than their thumb.' -
'Can't do much damage with that then, can ya perhaps it should have been...'
a rule of wrist?
59%
'Jeez! It's a f*ckin' six-
shooter. F*ck! There's nine bodies, genius.What the f*ck were you gonna do...'
laugh the last three to death, Funny-Man?
57.4%
'that our feet may swiftly carry out...'
thy command
54.9%
'power hath descended forth...'
from thy hand
53%
'You Irish cops are perking up, kinda...'
makes me feel like riverdancing
46.1%
'We shall flow a river forth to thee, and...'
teeming with souls shall it ever be
45.8%
'So the only thing we can do is put a potato on a string and drag it through South Boston...'
Thanks for coming out!
43.1%
'But if you do, one day you will look behind you and you will...'
see we three
42.5%
'Cause he's smart. He knows the guy with the bandages around his ass, he ain't goin' nowhere. He's goin...'
f*ckin nowhere.
39%
'and on that day you will reap it. And we will send you to which...'
ever god you wish
35.9%
Quote Beginning
Quote Ending
% Correct
'not to push the bounds and cross over into true corruption, into...'
our domain
32.1%
'Now you will receive us. We do not ask for your...'
poor or your hungry
31.3%
'When I raise my flashing sword, I will take vengeance upon mine enemies,Oh, Lord, raise me to Thy right hand and count thee amoung...'
Thy saints
30.3%
'Do not kill, do not rape, do not steal, these are principles which...'
every man of every faith can embrace
28.9%
'Destroy all that which is evil...'-
Connor
So that which is good may flourish.
28.2%
'You guys should be in every major city. This is some heavy sh*t. This is, like...'
Lone Ranger heavy, man.
26.2%
'Now they're staring at six men with guns drawn. It was a **** ambush. This was a **** bomb dropping on Beaver Cleaverville. For a few seconds...'
this place was Armageddon!
25.6%
'There are varying degrees of evil, we urge you...'
lesser forms of filth
24.8%
'Each day we will spill their blood til it...'
rains down from the skies
24.3%
'We do not want your...'
tired and sick
23.7%
'It is your corrupt we claim.It is your evil that will be sought by us.With every breath...'
we shall hunt them down
21.8%
'The 90's are killing me. I shouldn't have done that youre not supposed to tell a guy you're gonna kill him no more. I gotta tiptoe through the tulips with these *ssholes it's...'
Taking all the fun outta the job
21.2%
'These are not polite suggestions. These are codes of behavior and those of you that ignore them...'
will pay the dearest cost
17.3%
Quiz Playlist
Details
Report
Send in Message
Add To Playlist
Classic:
Type in answers that appear in a list
Last Updated: Feb 16, 2017
Quiz Scoreboard
CHALLENGE
Sign Up to Join the Scoreboard
Show All
Scores
Hide
Comments
May contain spoilers
Recently Published
Holiday 10x10 Sorting Gallery
by lukepisani3
Holiday
15m
Two Season TV Shows II
by 123Four
Television
10m
Image Sorting: Flags VI
by Barbecue
Geography
2m
More to Explore
Quiz From the Vault
Featured Blog Post
14 Easter Pick-up Lines to Find Eggs With
hide this ad
You Might Also Like...
Tags
Quote Quiz
Begins With
boondock
Boondock Saints
Ending
Prayer
saint
Today's Top Quizzes in Movies
Browse Movies
hide this ad
Today's Top Quizzes in Quote
Browse Quote
Top Contributed Quizzes in Movies
1
The ultimate James Bond movie quiz
2
Find The 'Big' Movie
3
Find The 'Wild' Movie
4
Find The 'Blue' Movie
5
Movies By Plot
6
Hidden Star Wars Character II
7
Hidden Star Wars Character III
8
25 Best Actor Nominees (1990s)
9
Hidden Star Wars Character IV
10
Pick 5 Posters: Directed by Spielberg
Explore More
Trending Topics
Harry Potter
Disney
Marvel
Anime
NBA
Crossword
Kpop
WWE
Pokémon
Country
The Office
NFL
Soccer
Puzzle
Song
hide this ad
More By:
theirishmafia
Quiz
Plays
Rating
Category
Featured
Created
Disney (and Pixar) Characters from A-Z
12,760
4.09
Movies
Nov 19, 2009
Boondock Saints lines
836
3.00
Movies
Nov 26, 2009
name all the Hulsemans
371
5.00
Just For Fun
Nov 18, 2009
Go to Creator's Profile
Score Distribution
Quiz Creator Spotlight
theirishmafia
Follow
Send a Message
Quizzes Created
-
Created Quiz Play Count
-
More By This Creator
Popular Quizzes Today
1
Find the US States - No Outlines Minefield
2
Colored Red Africa Blitz
3
Find the 'City' Movie
4
5x2 Blitz: Bands
5
The Countries of the World
6
Find the Countries of Europe - No Outlines Minefield
7
Find the US States
8
US States
More Movies Quizzes
16 Great Movie Actor Performances of 2022
Editor's Pick
Trending Quizzes
Colored Red Europe Blitz I
Colored Red Africa Blitz II
Colored Red Europe Blitz II
Even More Two Season TV Shows
Colored Red Africa Blitz III
Recently Updated
March Madness Men's Triple Doubles
pecheneg
How Do You Spell That?
pecheneg
Godzilla Movies
pecheneg
Grab Bag: 4-10 Letters
pecheneg
2024 March Madness Bracket
pecheneg
Famous TV Couples
Peacemaker
Champions League XIs: Real Madrid
pecheneg
Largest US Cities 1790-2010
pecheneg
Rides in Walt Disney World
pecheneg
Most Oscar Losses (Acting)
pecheneg
Trending Topics
Anime
Disney
Crossword
NBA
Kpop
Marvel
Harry Potter
WWE
Soccer
Pokémon
Puzzle
Song
The Office
NFL
Country
Your Account Isn't Verified!
In order to create a playlist on Sporcle, you need to verify the email address you used during registration. Go to your
Sporcle Settings
to finish the process.
Report this User
Report this user for behavior that violates our
Community Guidelines
.
Details:
Send Report
Go to the Sporcle.com Mobile Site →
Comments